| 000 | 00706nam a2200229Ia 4500 | ||
|---|---|---|---|
| 003 | GCL | ||
| 008 | 140319s9999 xx 000 0 ara d | ||
| 040 |
_aGCL / _cGCL |
||
| 082 | 0 | 4 |
_a962.4 _bج ق |
| 100 | 1 | _aحسب الله محمد احمد | |
| 245 | 1 | 0 |
_aقصة الحضارة فى السودان الفترة التاريخية من 3400ق م الى 1900 ميلادية / _cحسب الله محمد احمد |
| 260 |
_a[S.N] : _bلا يوجد ، _c1966 |
||
| 300 | _a400 ص | ||
| 490 | _a | ||
| 650 | 0 | 4 | _aالعصر الحديث |
| 650 | 0 | 4 | _aتاريخ |
| 650 | 0 | 4 | _aالسودان |
| 650 | 0 | 4 | _aالحضارة |
| 650 | 0 | 4 | _aالثقافة |
| 650 | 0 | 4 | _aالقبائل |
| 942 |
_2ddc _cBK |
||
| 999 |
_c36455 _d36455 |
||